Bandiere senza Simboli - Statistics

Statistiche generali
  • Questo quiz è stato fatto 41 volte
  • Il punteggio medio è 53 su 72
Statistiche sulle risposte
con Immagini Risposta % Corretto
Uruguay
98%
Panama
95%
Bhutan
93%
Mongolia
90%
Oman
90%
Portogallo
90%
Brasile
88%
Montenegro
88%
Kenya
85%
Uganda
85%
Azerbaigian
83%
Cile
83%
Guatemala
83%
Repubblica Dominicana
83%
Sri Lanka
83%
Cambogia
80%
Città del Vaticano
80%
Repubblica Democratica del Congo
80%
Serbia
80%
Spagna
80%
Sudan del Sud
80%
Angola
78%
Comore
78%
Filippine
78%
Grenada
78%
Libia
78%
San Marino
78%
Uzbekistan
78%
Barbados
76%
Cuba
76%
Isole Marshall
76%
Israele
76%
Liberia
76%
Malta
76%
Venezuela
76%
Zimbabwe
76%
Algeria
73%
Antigua e Barbuda
73%
Mozambico
73%
Namibia
73%
Pakistan
73%
Tonga
73%
Zambia
73%
Brunei
71%
Corea del Nord
71%
eSwatini
71%
Gibuti
71%
Guinea Equatoriale
71%
Maldive
71%
Samoa
71%
Timor Est
71%
Togo
71%
Capo Verde
68%
Nauru
68%
Papua Nuova Guinea
68%
Repubblica Centrafricana
68%
Ruanda
68%
Vanuatu
68%
Burundi
66%
Lesotho
66%
Belize
63%
Burkina Faso
63%
Malaysia
63%
Saint Kitts e Nevis
63%
Mauritania
59%
Saint Vincent e Grenadine
59%
Suriname
59%
Canada
54%
Eritrea
54%
Isole Salomone
54%
São Tomé e Príncipe
54%
Malawi
51%
Nessun quiz corrispondente trovato
Distribuzione punteggi
Percentuale di utenti per punteggio
Percentile per numero di risposta
I tuoi punteggi nel tempo
Non hai fatto questo quiz